Т. 1: Ускорители заряженных частиц; Основы физики и техники ускорителей

Bibliographic Details
Parent link:Основы физики и техники ускорителей: учебное пособие для вузов/ А. Н. Лебедев, А. В. Шальнов. Т. 1: Ускорители заряженных частиц.— , 1981-1983
Language:Russian
Published: 1981
Subjects:
Format: Book
KOHA link:https://koha.lib.tpu.ru/cgi-bin/koha/opac-detail.pl?biblionumber=55988

MARC

LEADER 00000nam2a2200000 4500
001 55988
005 20231101211558.0
035 |a (RuTPU)RU\TPU\book\58778 
090 |a 55988 
100 |a 20030924d1981 m y0rusy50 ca 
101 0 |a rus 
102 |a RU 
105 |a a j 001zy 
200 0 |a Т. 1: Ускорители заряженных частиц 
210 |d 1981 
215 |a 192 с.  |c ил. 
320 |a Библиогр.: с. 191. 
461 1 |0 (RuTPU)RU\TPU\book\58773  |t Основы физики и техники ускорителей  |o учебное пособие для вузов  |f А. Н. Лебедев, А. В. Шальнов  |v Т. 1: Ускорители заряженных частиц  |d 1981-1983 
606 1 |a Ускорительная техника  |2 stltpush  |3 (RuTPU)RU\TPU\subj\63445  |9 80473 
610 1 |a электроника 
610 1 |a ускорители 
610 1 |a ускорители заряженных частиц 
610 1 |a применение 
610 1 |a учебные пособия 
675 |a 621.384.6(075.8)  |v 3 
801 1 |a RU  |b 63413507  |c 20030924  |g PSBO 
801 2 |a RU  |b 63413507  |c 20201029  |g PSBO 
900 |a Электрофизические установки и ускорители 
900 |a Источники излучений 
942 |c BK